| Tag |
First Indicator |
Second Indicator |
Subfields |
| LEADER |
00000cam a2200000Ii 4500 |
| 001 |
in00002787820 |
| 005 |
20180524161031.0 |
| 008 |
121210s1965 txua b s000 0 eng d |
| 035 |
|
|
|a (OCoLC)ocn820722532
|
| 040 |
|
|
|a TXA
|b eng
|e rda
|c TXA
|d OCLCQ
|d OCLCF
|d OCLCA
|d TXA
|
| 035 |
|
|
|a (OCoLC)820722532
|
| 043 |
|
|
|a n-us-tx
|
| 090 |
|
|
|a SB945.A5
|b D36 1965
|
| 049 |
|
|
|a TXAM
|
| 100 |
1 |
|
|a Daniels, Norris E.,
|e author.
|
| 245 |
1 |
2 |
|a A comparison of two aphid-trapping methods /
|c Norris E. Daniels.
|
| 264 |
|
1 |
|a [College Station, Tex.] :
|b Texas A & M University, Texas Agricultural Experiment Station,
|c 1965.
|
| 300 |
|
|
|a 5 leaves, 1 unnumbered leaf :
|b illustrations ;
|c 28 cm
|
| 336 |
|
|
|a text
|b txt
|2 rdacontent
|
| 337 |
|
|
|a unmediated
|b n
|2 rdamedia
|
| 338 |
|
|
|a volume
|b nc
|2 rdacarrier
|
| 490 |
1 |
|
|a Departmental technical report ;
|v no. 2
|
| 500 |
|
|
|a Caption title.
|
| 500 |
|
|
|a "November 1965."
|
| 500 |
|
|
|a "Southwestern Great Plains Research Center, Bushland, Texas"--Cover.
|
| 504 |
|
|
|a Includes bibliographical references (leaf 5).
|
| 650 |
|
0 |
|a Aphids
|x Control
|z Texas.
|
| 650 |
|
0 |
|a Insect trapping
|z Texas.
|
| 650 |
|
7 |
|a Aphids
|x Control.
|2 fast
|0 (OCoLC)fst01721101
|
| 650 |
|
7 |
|a Insect trapping.
|2 fast
|0 (OCoLC)fst00974042
|
| 651 |
|
7 |
|a Texas.
|2 fast
|0 (OCoLC)fst01210336
|
| 710 |
2 |
|
|a Texas Agricultural Experiment Station,
|e issuing body.
|
| 710 |
2 |
|
|a Southwestern Great Plains Research Center (U.S.)
|
| 830 |
|
0 |
|a Departmental technical report (Texas A & M University. Department of Entomology) ;
|v no. 2.
|
| 948 |
|
|
|a updated
|b h
|c 2018/05/24
|e zdobbs
|f 4:10:08 pm
|
| 948 |
|
|
|a cataloged
|b h
|c 2012/12/10
|d o
|e nbehmer
|f 9:33:23 am
|
| 994 |
|
|
|a C0
|b TXA
|
| 999 |
f |
f |
|s 38187f6e-a1b4-32f3-a987-a77057698f0c
|i 5a509ec1-6c08-37b1-8876-f59d49d91280
|t 0
|
| 952 |
f |
f |
|p noncirc
|a Texas A&M University
|b College Station
|c Cushing Memorial Library & Archives
|d Cushing: Texas A&M Publications (Remote Storage: 2-3 day retrieval)
|t 0
|e SB945.A5 D36 1965
|h Library of Congress classification
|i unmediated -- volume
|
| 952 |
f |
f |
|p noncirc
|a Texas A&M University
|b College Station
|c Cushing Memorial Library & Archives
|d Cushing: Texas A&M Publications (Remote Storage: 2-3 day retrieval)
|t 0
|e SB945.A5 D36 1965
|h Library of Congress classification
|i unmediated -- volume
|
| 998 |
f |
f |
|a SB945.A5 D36 1965
|t 0
|l Cushing: Texas A&M Publications (Remote Storage: 2-3 day retrieval)
|
| 998 |
f |
f |
|a SB945.A5 D36 1965
|t 0
|l Cushing: Texas A&M Publications (Remote Storage: 2-3 day retrieval)
|